[Event "Las Palmas"]
[Site "?"]
[Date "1996.??.??"]
[Round "?"]
[White "Kramnik, Vladimir"]
[Black "Kasparov, Garry"]
[Result "1/2-1/2"]
[WhiteElo "2765"]
[BlackElo "2785"]
[PlyCount "115"]
[EventDate "1996.??.??"]
[Source "ChessBase"]
[SourceDate "1996.10.01"]

1. Nf3 Nf6 2. c4 e6 3. Nc3 d5 4. d4 Be7 5. Bg5 O-O 6. e3 h6 7. Bh4 Ne4 8. Bxe7 Qxe7 9. Rc1 c6 10. Bd3 Nxc3 11. Rxc3 dxc4 12. Bxc4 Nd7 13. O-O b6 14. Bd3 c5 15. Be4 Rb8 16. Qa4 Bb7 17. Bxb7 Rxb7 18. Qc2 Rc8 19. Rc1 Rbc7 20. b4 e5 21. dxc5 bxc5 22. Rc4 e4 23. Qxe4 Qxe4 24. Rxe4 cxb4 25. Re8+ Rxe8 26. Rxc7 Ne5 27. Nxe5 Rxe5 28. Rxa7 h5 29. h3 Rb5 30. g4 hxg4 31. hxg4 g6 32. Kg2 Kg7 33. Kg3 b3 34. axb3 Rxb3 35. g5 Rc3 36. Re7 Ra3 37. Rd7 Kf8 38. Rc7 Kg7 39. Rc8 Kh7 40. Rc7 Kg7 41. Re7 Kf8 42. Re5 Kg7 43. f4 Rd3 44. Kf3 Rd2 45. Ke4 Rd1 46. Rd5 Re1 47. Rd3 Kf8 48. Ke5 Kg7 49. e4 Re2 50. Rd7 Re1 51. Rc7 Re2 52. Ra7 Re1 53. Ra4 Re2 54. Kd6 Rd2+ 55. Ke7 Rf2 56. e5 Rf1 57. Ra6 Rxf4 58. e6 1/2-1/2

[Event "Hofmann Cup"]
[Site "Baden-Baden GER"]
[Date "1995.??.??"]
[Round "6"]
[White "Karpov, Anatoly"]
[Black "Jussupow, Artur M"]
[Result "1-0"]
[WhiteElo "2765"]
[BlackElo "2660"]
[PlyCount "103"]
[EventDate "1995.??.??"]
[Source "www.chesslib.no"]
[SourceDate "2004.05.04"]

1. d4 d5 2. c4 e6 3. Nf3 Nf6 4. Nc3 Be7 5. Bg5 O-O 6. e3 h6 7. Bh4 Ne4 8. Bxe7 Qxe7 9. Rc1 c6 10. Be2 Nd7 11. O-O Nxc3 12. Rxc3 dxc4 13. Bxc4 b6 14. Bd3 c5 15. Be4 Rb8 16. Qc2 a5 17. Rc1 Bb7 18. Bxb7 Rxb7 19. dxc5 Nxc5 20. Ne5 Qf6 21. Nd3 Rd8 22. Nxc5 bxc5 23. Qe2 Rbd7 24. R3c2 a4 25. g3 Rd5 26. Kg2 g6 27. a3 h5 28. Qf3 Qe5 29. Qf4 Qxf4 30. gxf4 Rb8 31. Rxc5 Rxc5 32. Rxc5 Rxb2 33. Rc4 Ra2 34. Rxa4 Kf8 35. Ra7 Ra1 36. h4 Kg7 37. a4 Ra2 38. Kf3 Kf6 39. a5 Ra3 40. a6 Ra4 41. Ke2 Ra2+ 42. Kd3 Rxf2 43. Rb7 Ra2 44. a7 e5 45. fxe5+ Ke6 46. Kc4 g5 47. hxg5 h4 48. Kb5 Rb2+ 49. Kc6 Ra2 50. Kc7 h3 51. Kb8 h2 52. Rb1 1-0

[Event "Dortmund"]
[Site "?"]
[Date "1997.??.??"]
[Round "?"]
[White "Karpov, Anatoly"]
[Black "Jussupow, A."]
[Result "1-0"]
[WhiteElo "2745"]
[BlackElo "2640"]
[PlyCount "125"]
[EventDate "1997.??.??"]
[Source "ChessBase"]
[SourceDate "1997.06.01"]

1. d4 Nf6 2. c4 e6 3. Nf3 d5 4. Nc3 Be7 5. Bg5 h6 6. Bh4 O-O 7. e3 Ne4 8. Bxe7 Qxe7 9. Rc1 c6 10. Bd3 Nxc3 11. Rxc3 dxc4 12. Bxc4 Nd7 13. O-O b6 14. Bd3 c5 15. Be4 Rb8 16. Qa4 Bb7 17. Bxb7 Rxb7 18. Qc2 a5 19. a3 Re8 20. Rd1 Rbb8 21. h3 Rbd8 22. Rcd3 Rc8 23. d5 exd5 24. Rxd5 Nf6 25. Re5 Qc7 26. Rxe8+ Rxe8 27. a4 Rd8 28. Rxd8+ Qxd8 29. Ne5 Qd5 30. Nc4 Nd7 31. b3 f5 32. Kf1 Kf7 33. f3 Ke7 34. Ke2 Qe6 35. Qc3 Nf6 36. Kf2 Kd7 37. g4 Kc6 38. Qe5 Qxe5 39. Nxe5+ Kd5 40. Nc4 fxg4 41. Nxb6+ Kc6 42. Nc4 gxf3 43. Kxf3 Kd5 44. Nxa5 g5 45. Nc4 h5 46. Nd2 Ke5 47. e4 Ne8 48. Ke3 Nc7 49. Nc4+ Kf6 50. Kf2 Na6 51. Kg3 Nb4 52. h4 Nc6 53. a5 Nb4 54. Nd2 Nc6 55. a6 gxh4+ 56. Kxh4 Ke6 57. Kxh5 Kd7 58. Kg6 Kc7 59. Nc4 Kb8 60. Kf6 Ka7 61. e5 Kxa6 62. e6 Kb5 63. e7 1-0

[Event "Corr"]
[Site "?"]
[Date "2002.01.15"]
[Round "?"]
[White "Elwert Hans-Marcus (GER)"]
[Black "Anton Volker-Michael (GER"]
[Result "1/2-1/2"]
[WhiteElo "2687"]
[BlackElo "2664"]
[PlyCount "56"]
[EventDate "2002.??.??"]
[Source "www.chesslib.no"]
[SourceDate "2004.05.04"]

1. d4 d5 2. c4 c6 3. Nc3 Nf6 4. Nf3 e6 5. Bg5 h6 6. Bh4 Be7 7. e3 O-O 8. Bd3 Nbd7 9. O-O dxc4 10. Bxc4 b5 11. Be2 Bb7 12. Qc2 Rc8 13. Rfd1 b4 14. Na4 Qa5 15. Nd2 c5 16. Nc4 Qc7 17. Bg3 Be4 18. Qxe4 Qxg3 19. hxg3 Nxe4 20. d5 exd5 21. Rxd5 Ndf6 22. Rdd1 Rfd8 23. Rxd8+ Rxd8 24. Rd1 Rxd1+ 25. Bxd1 Kf8 26. Kf1 Ke8 27. Bc2 Nd6 28. Ne5 c4 1/2-1/2

[Event "It (Open) Nova Gorica SLO"]
[Site "?"]
[Date "2006.01.30"]
[Round "7"]
[White "Azmaiparashvili Zurab"]
[Black "Korneev Oleg"]
[Result "1/2-1/2"]
[WhiteElo "2658"]
[BlackElo "2649"]
[PlyCount "81"]
[EventDate "2006.??.??"]
[Source "www.chesslib.no"]
[SourceDate "2004.05.04"]

1. c4 e6 2. Nc3 d5 3. d4 Be7 4. Nf3 Nf6 5. Bg5 h6 6. Bh4 O-O 7. e3 Ne4 8. Bxe7 Qxe7 9. Rc1 c6 10. Bd3 Nxc3 11. Rxc3 dxc4 12. Bxc4 Nd7 13. O-O b6 14. Bd3 c5 15. Be4 Rb8 16. Bc6 Rd8 17. Qc2 cxd4 18. exd4 Qd6 19. Rc1 Nf6 20. Qa4 a5 21. Qb5 Bb7 22. Bxb7 Rxb7 23. Rc6 Qf4 24. Qe5 Qxe5 25. dxe5 Ne4 26. g3 g5 27. R1c4 Nd2 28. Rc8 Rbd7 29. Nxd2 Rxd2 30. Rxd8+ Rxd8 31. Rc6 Rd5 32. Rxb6 Rxe5 33. Kf1 Rc5 34. Ke2 Rc2+ 35. Kf3 a4 36. a3 Kg7 37. Rb4 f5 38. h4 Kf6 39. hxg5+ hxg5 40. Ke3 g4 41. Rb8 1/2-1/2

[Event "Corr"]
[Site "?"]
[Date "1999.11.03"]
[Round "?"]
[White "Andersson Ulf"]
[Black "Elwert Hans-Marcus"]
[Result "0-1"]
[WhiteElo "2623"]
[BlackElo "2681"]
[PlyCount "68"]
[EventDate "1999.??.??"]
[Source "www.chesslib.no"]
[SourceDate "2004.05.04"]

1. d4 Nf6 2. c4 e6 3. Nf3 d5 4. Nc3 Be7 5. Bg5 h6 6. Bh4 O-O 7. e3 Ne4 8. Bxe7 Qxe7 9. Rc1 c6 10. Bd3 Nxc3 11. Rxc3 dxc4 12. Rxc4 Nd7 13. Bb1 e5 14. O-O exd4 15. Nxd4 Nf6 16. Qc2 Re8 17. h3 Bd7 18. Re1 Rac8 19. e4 c5 20. Nf3 Nh7 21. Rc3 b6 22. e5 Nf8 23. Nd2 Rcd8 24. Rce3 Bf5 25. Qc1 Bxb1 26. Nxb1 Qe6 27. Nc3 Ng6 28. Re4 Rd4 29. f4 Red8 30. R1e2 h5 31. Rf2 Rxe4 32. Nxe4 Rd4 33. Qb1 Nxf4 34. Rxf4 Qxe5 0-1

[Event "Reggio Emilia"]
[Site "?"]
[Date "1995.??.??"]
[Round "?"]
[White "Epishin, V."]
[Black "Vaganian, R."]
[Result "1-0"]
[WhiteElo "2640"]
[BlackElo "2645"]
[PlyCount "123"]
[EventDate "1995.??.??"]
[Source "ChessBase"]
[SourceDate "1995.10.01"]

1. d4 d5 2. c4 e6 3. Nc3 Be7 4. Nf3 Nf6 5. Bg5 O-O 6. e3 h6 7. Bh4 Ne4 8. Bxe7 Qxe7 9. Rc1 c6 10. Bd3 Nxc3 11. Rxc3 Nd7 12. O-O dxc4 13. Bxc4 b6 14. Qe2 a5 15. Rfc1 Bb7 16. h3 c5 17. Bb5 e5 18. dxe5 Nxe5 19. Nxe5 Qxe5 20. Rd3 Rfd8 21. Rcd1 Rxd3 22. Rxd3 Bd5 23. a4 Be6 24. Qd2 Qc7 25. Rd6 Kf8 26. e4 Ke7 27. Rc6 Qd8 28. Qc3 Kf8 29. e5 Rb8 30. f4 Qd1+ 31. Kh2 Qd5 32. Rd6 Qe4 33. Qd2 g5 34. Rxe6 fxe6 35. Qd6+ Kf7 36. Qxb8 Qxf4+ 37. Kg1 Qe3+ 38. Kf1 Qc1+ 39. Kf2 Qd2+ 40. Kf3 Qf4+ 41. Ke2 Qe4+ 42. Kd2 Qxg2+ 43. Kc1 Qh1+ 44. Kc2 Qe4+ 45. Kd2 Qf4+ 46. Kd1 Qd4+ 47. Kc1 Qe3+ 48. Kb1 Qe4+ 49. Ka2 Qd5+ 50. Ka3 Qf3+ 51. Ka2 Qd5+ 52. Ka3 Qf3+ 53. b3 Qd1 54. Qe8+ Kg7 55. Qe7+ Kh8 56. Qf8+ Kh7 57. Qe7+ Kh8 58. Qe8+ Kg7 59. Qd7+ Qxd7 60. Bxd7 Kf7 61. Kb2 h5 62. Kc3 1-0

[Event "Team ch (1. league)"]
[Site "?"]
[Date "1997.??.??"]
[Round "2"]
[White "Komarov Dimitri"]
[Black "Beliavsky Alexander G"]
[Result "1/2-1/2"]
[WhiteElo "2615"]
[BlackElo "2665"]
[PlyCount "31"]
[EventDate "1997.??.??"]
[Source "www.chesslib.no"]
[SourceDate "2004.05.04"]

1. d4 Nf6 2. c4 e6 3. Nf3 d5 4. Nc3 Be7 5. Bg5 h6 6. Bh4 O-O 7. e3 h5 8. Bd3 c6 9. Bxf6 Re8 10. cxd5 Bb4 11. Kf1 b5 12. Rc1 Na6 13. Nd2 Qb6 14. d6 Ba5 15. Bf5 Nc7 16. Ne2 1/2-1/2

[Event "Cap d'Agde KO"]
[Site "Cap d'Agde"]
[Date "1998.10.29"]
[Round "2.2"]
[White "Bacrot, Etienne"]
[Black "Karpov, Anatoly"]
[Result "1/2-1/2"]
[WhiteElo "2555"]
[BlackElo "2725"]
[PlyCount "81"]
[EventDate "1998.10.??"]
[Source "www.chesslib.no"]
[SourceDate "2004.05.04"]

1. d4 Nf6 2. c4 e6 3. Nf3 d5 4. Nc3 Be7 5. Bg5 h6 6. Bh4 O-O 7. e3 Ne4 8. Bxe7 Qxe7 9. Rc1 c6 10. Qc2 Nxc3 11. Qxc3 Nd7 12. Bd3 dxc4 13. Bxc4 b6 14. O-O Bb7 15. Rfd1 c5 16. d5 exd5 17. Bxd5 Bxd5 18. Rxd5 Nf6 19. Rd3 Rad8 20. Rcd1 Rfe8 21. h3 Rxd3 22. Qxd3 Qc7 23. Nh4 g6 24. Nf3 Kg7 25. a3 Re7 26. Qc3 Re6 27. Rd3 Qe7 28. Nd2 Kh7 29. Qc4 Ne4 30. Nxe4 Rxe4 31. Qc3 Re6 32. Qd2 Qf6 33. Rd8 h5 34. Kf1 c4 35. Rd7 a6 36. Qb4 Rxe3 37. Qxc4 Re6 38. g4 hxg4 39. hxg4 Kg7 40. Kg2 b5 41. Qd4 1/2-1/2

[Event "DE BL"]
[Site "?"]
[Date "1993.??.??"]
[Round "?"]
[White "Khalifman, Alexander V"]
[Black "Jussupow, Artur M"]
[Result "1/2-1/2"]
[WhiteElo "2630"]
[BlackElo "2645"]
[PlyCount "71"]
[EventDate "1993.??.??"]
[Source "www.chesslib.no"]
[SourceDate "2004.05.04"]

1. d4 d5 2. c4 e6 3. Nf3 Nf6 4. Bg5 Be7 5. Nc3 h6 6. Bh4 O-O 7. e3 Ne4 8. Bxe7 Qxe7 9. Rc1 Nxc3 10. Rxc3 c6 11. Bd3 dxc4 12. Bxc4 Nd7 13. O-O b6 14. Bd3 c5 15. Be4 Rb8 16. Qc2 a5 17. Rc1 Bb7 18. Bxb7 Rxb7 19. dxc5 Nxc5 20. Ne5 Qf6 21. Nd3 Rd8 22. Nxc5 bxc5 23. Qe2 Rbd7 24. R3c2 c4 25. g3 e5 26. Kg2 e4 27. Qg4 Rd2 28. Qf4 Qe6 29. Rxc4 Re8 30. Rc6 Qxa2 31. Rc7 Rf8 32. Rc8 Rdd8 33. Rxd8 Rxd8 34. Qc7 Re8 35. Qc6 Qe6 36. b3 1/2-1/2

[Event "Muenchen"]
[Site "?"]
[Date "1993.??.??"]
[Round "?"]
[White "Huebner, R."]
[Black "Yusupov, A."]
[Result "1/2-1/2"]
[WhiteElo "2620"]
[BlackElo "2645"]
[PlyCount "118"]
[EventDate "1993.??.??"]
[Source "ChessBase"]
[SourceDate "1993.02.01"]

1. d4 d5 2. c4 e6 3. Nc3 Be7 4. Nf3 Nf6 5. Bg5 h6 6. Bh4 O-O 7. e3 Ne4 8. Bxe7 Qxe7 9. Qc2 Nxc3 10. Qxc3 dxc4 11. Bxc4 b6 12. O-O Bb7 13. Be2 c5 14. dxc5 Rc8 15. b4 bxc5 16. b5 a6 17. Nd2 axb5 18. Bxb5 Bxg2 19. Kxg2 Qb7+ 20. Kh3 Qxb5 21. Rg1 e5 22. Rxg7+ Kxg7 23. Qxe5+ Kf8 24. Qh8+ Ke7 25. Qxc8 Ra4 26. Rb1 Qd7+ 27. Qxd7+ Nxd7 28. Rb2 f5 29. Kg2 f4 30. exf4 Rxf4 31. Rb3 Rd4 32. Re3+ Kd6 33. Nb3 Rd1 34. Rh3 c4 35. Na5 Kc5 36. Rh5+ Rd5 37. Rxd5+ Kxd5 38. Kf3 Ne5+ 39. Ke2 Nd3 40. Ke3 Nb4 41. a4 Nd3 42. Nb7 Ne5 43. h3 c3 44. a5 Kc6 45. a6 Kb6 46. Nc5 Kxc5 47. a7 Nc4+ 48. Kd3 Nb6 49. Kxc3 Kc6 50. Kd4 Kb7 51. Ke5 Kxa7 52. Kf5 Kb7 53. Kg6 Kc6 54. Kxh6 Kd6 55. h4 Ke6 56. Kg7 Nd5 57. h5 Ne7 58. f4 Nf5+ 59. Kg6 Ne7+ 1/2-1/2

[Event "Munich"]
[Site "Munich"]
[Date "1993.??.??"]
[Round "8"]
[White "Lobron, Eric"]
[Black "Jussupow, Artur"]
[Result "1/2-1/2"]
[WhiteElo "2620"]
[BlackElo "2645"]
[PlyCount "83"]
[EventDate "1993.05.??"]
[Source "ChessBase"]

1. d4 d5 2. c4 e6 3. Nc3 Be7 4. Nf3 Nf6 5. Bg5 h6 6. Bh4 O-O 7. e3 Ne4 8. Bxe7 Qxe7 9. Qc2 Nxc3 10. Qxc3 dxc4 11. Bxc4 b6 12. d5 exd5 13. Bxd5 c6 14. Bc4 Bb7 15. Ne5 b5 16. Bb3 Qc7 17. a4 Nd7 18. Ng6 Rfe8 19. axb5 Rac8 20. O-O c5 21. Nf4 c4 22. Bc2 Qc5 23. Qd4 Qxd4 24. exd4 Nf6 25. Rxa7 Rb8 26. h4 g5 27. hxg5 hxg5 28. Nh3 Re2 29. Bf5 g4 30. Nf4 Rxb2 31. Ra5 Rd2 32. Rc1 Rxd4 33. Ne2 Rd2 34. Ng3 Bd5 35. Ra6 Kg7 36. Ra5 Rb2 37. Rb1 c3 38. Rc1 Rb3 39. Bd3 Be6 40. Ra2 R3xb5 41. Rac2 Rc5 42. Rxc3 1/2-1/2

[Event "Evora"]
[Site "?"]
[Date "2006.07.28"]
[Round "7"]
[White "Riazantsev Alexander"]
[Black "Korneev Oleg"]
[Result "1/2-1/2"]
[WhiteElo "2622"]
[BlackElo "2638"]
[PlyCount "46"]
[EventDate "2006.??.??"]
[Source "www.chesslib.no"]
[SourceDate "2004.05.04"]

1. d4 d5 2. c4 e6 3. Nf3 Nf6 4. Nc3 Be7 5. Bg5 h6 6. Bh4 O-O 7. e3 Ne4 8. Bxe7 Qxe7 9. Qc2 Nxc3 10. Qxc3 dxc4 11. Bxc4 b6 12. O-O Bb7 13. Be2 c5 14. dxc5 Rc8 15. Qd2 Rxc5 16. Rfd1 Rd5 17. Nd4 Na6 18. Bf3 Rdd8 19. Qe2 Rac8 20. Rac1 Nb4 21. Bxb7 Qxb7 22. a3 Nd5 23. h3 a6 1/2-1/2

[Event "Yerevan"]
[Site "Yerevan"]
[Date "1996.??.??"]
[Round "3"]
[White "Epishin, Vladimir"]
[Black "Vaganian, Rafael A"]
[Result "1/2-1/2"]
[WhiteElo "2645"]
[BlackElo "2615"]
[PlyCount "87"]
[EventDate "1996.04.??"]
[Source "ChessBase"]

1. d4 Nf6 2. c4 e6 3. Nf3 d5 4. Nc3 Be7 5. Bg5 h6 6. Bh4 O-O 7. e3 Ne4 8. Bxe7 Qxe7 9. Rc1 c6 10. Bd3 Nxc3 11. Rxc3 dxc4 12. Bxc4 Nd7 13. O-O b6 14. Qe2 a5 15. Rfc1 Bb7 16. a3 Rfd8 17. h3 a4 18. Rd1 c5 19. Bb5 Ra5 20. Bxd7 Qxd7 21. Rd2 cxd4 22. Rxd4 Rd5 23. Qc4 Rxd4 24. Qxd4 Qxd4 25. Nxd4 e5 26. Nf3 Rd1+ 27. Kh2 Bxf3 28. gxf3 Rd2 29. b3 Rxf2+ 30. Kg3 Re2 31. e4 axb3 32. Rxb3 Ra2 33. h4 h5 34. Rxb6 Rxa3 35. Rb5 f6 36. Rb7 f5 37. exf5 e4 38. Kf4 exf3 39. Rb2 Ra4+ 40. Kxf3 Rxh4 41. Rg2 Rh3+ 42. Kf2 Kf7 43. Rg5 h4 44. Rg4 1/2-1/2

[Event "EUCup 18th"]
[Site "?"]
[Date "2002.09.24"]
[Round "3"]
[White "Lputian Smbat G"]
[Black "Pigusov Evgeny"]
[Result "1/2-1/2"]
[WhiteElo "2634"]
[BlackElo "2622"]
[PlyCount "69"]
[EventDate "2002.??.??"]
[Source "www.chesslib.no"]
[SourceDate "2004.05.04"]

1. d4 Nf6 2. Nf3 e6 3. c4 d5 4. Nc3 Be7 5. Bg5 h6 6. Bh4 O-O 7. e3 Ne4 8. Bxe7 Qxe7 9. Qc2 Nxc3 10. Qxc3 dxc4 11. Qxc4 b6 12. Rc1 c5 13. dxc5 Ba6 14. Qh4 Qxh4 15. Nxh4 Rc8 16. Be2 bxc5 17. Nf3 Bxe2 18. Kxe2 Nd7 19. Nd2 Rcb8 20. Nb3 a5 21. Rhd1 Ra7 22. Rd2 Rb5 23. Rcc2 Rab7 24. Rc4 Kf8 25. f4 Ke7 26. Kf3 f5 27. Rdc2 g5 28. h3 h5 29. Ra4 gxf4 30. exf4 Ra7 31. Rac4 Kd6 32. Rd2+ Kc7 33. Rdc2 Kd6 34. Rd2+ Kc7 35. Rdc2 1/2-1/2

[Event "Solin 7th"]
[Site "Solin"]
[Date "1999.12.14"]
[Round "1"]
[White "Tkachiev, Vladislav"]
[Black "Morovic Fernandez, Ivan"]
[Result "1/2-1/2"]
[WhiteElo "2648"]
[BlackElo "2608"]
[PlyCount "61"]
[EventDate "1999.12.10"]
[Source "ChessBase"]
[SourceDate "2000.04.05"]

1. d4 Nf6 2. c4 e6 3. Nf3 d5 4. Nc3 Be7 5. Bg5 h6 6. Bh4 O-O 7. e3 Ne4 8. Bxe7 Qxe7 9. Rc1 c6 10. Bd3 Nxc3 11. Rxc3 dxc4 12. Rxc4 Nd7 13. Bb1 e5 14. Qc2 f5 15. dxe5 Nxe5 16. Nxe5 Qxe5 17. Rc5 Qf6 18. O-O Be6 19. e4 f4 20. e5 Qf5 21. Qc3 Qg5 22. Be4 Rad8 23. a4 Kh8 24. b4 b6 25. h4 Qxh4 26. Rxc6 f3 27. Bxf3 Rxf3 28. Qxf3 Bd5 29. Qc3 Qg5 30. f3 Bxc6 31. Qxc6 1/2-1/2

[Event "Belfort Masters 6th"]
[Site "Belfort"]
[Date "2003.12.18"]
[Round "4"]
[White "Gurevich, Mikhail"]
[Black "Hamdouchi, Hichem"]
[Result "1-0"]
[WhiteElo "2656"]
[BlackElo "2588"]
[PlyCount "69"]
[EventDate "2003.12.15"]
[Source "ChessBase"]
[SourceDate "2004.03.30"]

1. d4 d5 2. c4 e6 3. Nc3 Be7 4. Nf3 Nf6 5. Bg5 h6 6. Bh4 O-O 7. e3 Ne4 8. Bxe7 Qxe7 9. Rc1 c6 10. Bd3 Nxc3 11. Rxc3 Nd7 12. Qc2 dxc4 13. Bxc4 e5 14. O-O Re8 15. d5 e4 16. Nd4 c5 17. Nb5 Qe5 18. d6 Rf8 19. Rd1 Nf6 20. Bxf7+ Rxf7 21. Rxc5 Qe8 22. Nc7 Rxc7 23. dxc7 Kh7 24. Rd8 Qe6 25. Qc4 Qe7 26. Qd4 Qf7 27. a3 Qg6 28. Qd6 Qg4 29. h3 Qe2 30. Rxc8 Rxc8 31. Qd8 Ng8 32. Rf5 Ne7 33. Qxe7 Qxb2 34. Rf7 Kg8 35. g3 1-0

[Event "Erevan ARM"]
[Site "Erevan ARM"]
[Date "1996.??.??"]
[Round "5"]
[White "Nikolic, Predrag"]
[Black "Lputian, Smbat G"]
[Result "1/2-1/2"]
[WhiteElo "2645"]
[BlackElo "2580"]
[PlyCount "35"]
[EventDate "1996.??.??"]
[Source "www.chesslib.no"]
[SourceDate "2004.05.04"]

1. d4 d5 2. c4 e6 3. Nc3 Be7 4. Nf3 Nf6 5. Bg5 h6 6. Bh4 O-O 7. e3 Ne4 8. Bxe7 Qxe7 9. Qc2 Nxc3 10. Qxc3 dxc4 11. Bxc4 c5 12. Be2 c4 13. Kd1 Bd7 14. Qc2 Bc8 15. Ne1 Na6 16. Qxc4 Qd6 17. Kc2 Bd7 18. Qc3 1/2-1/2

[Event "Baden_Baden"]
[Site "?"]
[Date "1992.??.??"]
[Round "?"]
[White "Psakhis, L."]
[Black "Yusupov, A."]
[Result "1/2-1/2"]
[WhiteElo "2570"]
[BlackElo "2640"]
[PlyCount "100"]
[EventDate "1992.??.??"]
[Source "ChessBase"]
[SourceDate "1992.10.01"]

1. c4 e6 2. d4 d5 3. Nf3 Nf6 4. Nc3 Be7 5. Bg5 h6 6. Bh4 O-O 7. e3 Ne4 8. Bxe7 Qxe7 9. Qc2 Nxc3 10. Qxc3 dxc4 11. Bxc4 b6 12. O-O Bb7 13. Be2 Rc8 14. b4 Nd7 15. Rfc1 c5 16. dxc5 bxc5 17. b5 a6 18. a4 c4 19. bxa6 Rxa6 20. a5 Rc5 21. Nd2 Ne5 22. f4 Ng6 23. Bxc4 Nh4 24. Qb4 Nxg2 25. Bf1 Rxc1 26. Qxe7 Rxa1 27. Qxb7 R6xa5 28. Qxg2 R5a2 29. Qe2 Rb2 30. Qd3 Rd1 31. Qd7 Rdxd2 32. Qe8+ Kh7 33. Qxf7 Rb6 34. h4 Rd1 35. Kf2 Rb2+ 36. Be2 Rdd2 37. Qxe6 Rxe2+ 38. Kf3 Rf2+ 39. Ke4 Rb4+ 40. Kd3 Rfb2 41. h5 Rb8 42. e4 R2b3+ 43. Kc2 R3b7 44. e5 Rd8 45. Qc6 Rbb8 46. Qe4+ Kh8 47. e6 Rbc8+ 48. Kb3 Rb8+ 49. Kc4 Rbc8+ 50. Kb5 Rb8+ 1/2-1/2

[Event "Capablanca mem Elite"]
[Site "Havana"]
[Date "1999.05.10"]
[Round "4"]
[White "Atalik, Suat"]
[Black "Morovic Fernandez, Ivan"]
[Result "1/2-1/2"]
[WhiteElo "2593"]
[BlackElo "2613"]
[PlyCount "37"]
[EventDate "1999.05.??"]
[Source "ChessBase"]
[SourceDate "1999.08.01"]

1. d4 d5 2. c4 e6 3. Nc3 Be7 4. Nf3 Nf6 5. Bg5 h6 6. Bh4 O-O 7. e3 Ne4 8. Bxe7 Qxe7 9. Rc1 c6 10. Bd3 Nxc3 11. Rxc3 dxc4 12. Rxc4 Nd7 13. O-O e5 14. dxe5 Nxe5 15. Re4 Nxf3+ 16. Qxf3 Be6 17. Bc4 Rad8 18. Bxe6 fxe6 19. Qe2 1/2-1/2

[Event "Munich"]
[Site "Munich"]
[Date "1993.??.??"]
[Round "10"]
[White "Lutz, Christopher"]
[Black "Jussupow, Artur"]
[Result "1/2-1/2"]
[WhiteElo "2550"]
[BlackElo "2645"]
[PlyCount "107"]
[EventDate "1993.05.??"]
[Source "ChessBase"]

1. d4 d5 2. c4 e6 3. Nc3 Be7 4. Nf3 Nf6 5. Bg5 h6 6. Bh4 O-O 7. e3 Ne4 8. Bxe7 Qxe7 9. Qc2 Nxc3 10. Qxc3 dxc4 11. Bxc4 b6 12. Be2 Bb7 13. O-O Rc8 14. b4 Nd7 15. Rfd1 Nf6 16. Qb3 Bd5 17. Bc4 Bxf3 18. gxf3 c6 19. Bf1 Nd5 20. a3 a5 21. bxa5 Rxa5 22. Rdc1 Qd6 23. a4 Rca8 24. Qd1 Nb4 25. Bg2 g5 26. Bf1 R8a7 27. Bc4 Nd5 28. Bb3 Ne7 29. Rcb1 b5 30. axb5 Rxa1 31. Rxa1 Rxa1 32. Qxa1 Qb4 33. Qd1 cxb5 34. h4 Qc3 35. hxg5 hxg5 36. d5 exd5 37. Bxd5 Nxd5 38. Qxd5 b4 39. Kh2 Qc7+ 40. Kg2 Qb6 41. Qb3 Qb5 42. e4 Kf8 43. e5 Qb6 44. Kg1 Ke7 45. Kg2 Qd4 46. Kg1 Ke8 47. Qa4+ Kf8 48. Qb3 Qc3 49. Qd5 Kg7 50. Kg2 b3 51. Qd6 Qc4 52. Qf6+ Kh7 53. Qf5+ Kh6 54. Qf6+ 1/2-1/2

[Event "Dubai op"]
[Site "Dubai"]
[Date "2002.04.19"]
[Round "5"]
[White "Jobava, Baadur"]
[Black "Pigusov, Evgeny"]
[Result "0-1"]
[WhiteElo "2566"]
[BlackElo "2623"]
[PlyCount "72"]
[EventDate "2002.04.15"]
[Source "ChessBase"]
[SourceDate "2002.05.03"]

1. d4 Nf6 2. c4 e6 3. Nf3 d5 4. Nc3 Be7 5. Bg5 h6 6. Bh4 O-O 7. e3 Ne4 8. Bxe7 Qxe7 9. Rc1 Nxc3 10. Rxc3 c6 11. Bd3 Nd7 12. cxd5 exd5 13. O-O Nf6 14. Ne5 Ne4 15. Ra3 Bf5 16. Qc2 Bh7 17. Kh1 f6 18. Nf3 g5 19. Ne1 a6 20. Rb3 Rae8 21. Qc1 h5 22. Be2 Bg6 23. Nd3 h4 24. Nc5 Nxc5 25. Qxc5 Qd7 26. Kg1 Re7 27. Rb6 f5 28. Bd3 Bh5 29. Rc1 f4 30. e4 Bg6 31. f3 Rg7 32. Rc3 g4 33. exd5 Bxd3 34. Rxd3 gxf3 35. dxc6 Rxg2+ 36. Kf1 Qe6 0-1

[Event "Zalaegerszeg"]
[Site "Zalaegerszeg"]
[Date "2004.04.25"]
[Round "2"]
[White "Berkes, Ferenc"]
[Black "Korneev, Oleg"]
[Result "1/2-1/2"]
[WhiteElo "2613"]
[BlackElo "2573"]
[PlyCount "34"]
[EventDate "2004.04.24"]
[Source "ChessBase"]
[SourceDate "2004.07.27"]

1. d4 d5 2. c4 e6 3. Nc3 Be7 4. Nf3 Nf6 5. Bg5 h6 6. Bh4 O-O 7. e3 Ne4 8. Bxe7 Qxe7 9. Rc1 c6 10. Qc2 Nxc3 11. Qxc3 Nd7 12. Be2 dxc4 13. O-O b5 14. b3 c5 15. Qa5 cxb3 16. axb3 Bb7 17. Qc7 Rab8 1/2-1/2

[Event "European Club Cup 2002"]
[Site "?"]
[Date "2002.09.25"]
[Round "4"]
[White "Greenfeld Alon"]
[Black "Pigusov Evgeny"]
[Result "1/2-1/2"]
[WhiteElo "2562"]
[BlackElo "2622"]
[PlyCount "39"]
[EventDate "2002.??.??"]
[Source "www.chesslib.no"]
[SourceDate "2004.05.04"]

1. d4 d5 2. c4 e6 3. Nf3 Nf6 4. Nc3 Be7 5. Bg5 h6 6. Bh4 O-O 7. e3 Ne4 8. Bxe7 Qxe7 9. Rc1 Nxc3 10. Rxc3 c6 11. Bd3 dxc4 12. Bxc4 Nd7 13. O-O b6 14. Bd3 c5 15. Be4 Rb8 16. Qc2 a5 17. Rc1 Rd8 18. dxc5 Nxc5 19. Nd4 Bb7 20. Bxb7 1/2-1/2

[Event "Tilburg"]
[Site "Tilburg"]
[Date "1979.??.??"]
[Round "9"]
[White "Sosonko, Gennadi"]
[Black "Spassky, Boris V"]
[Result "1/2-1/2"]
[WhiteElo "2535"]
[BlackElo "2640"]
[PlyCount "36"]
[EventDate "1979.11.??"]
[Source "ChessBase"]

1. d4 d5 2. c4 e6 3. Nc3 Nf6 4. Nf3 Be7 5. Bg5 h6 6. Bh4 O-O 7. e3 Ne4 8. Bxe7 Qxe7 9. Rc1 c6 10. Bd3 Nxc3 11. Rxc3 Nd7 12. O-O dxc4 13. Bxc4 b6 14. Qe2 Bb7 15. Ba6 Bxa6 16. Qxa6 c5 17. Rfc1 e5 18. Qa3 Rfd8 1/2-1/2